Catálogo
 En Linea

Bronces y Religión Romana : (Registro nro. 40515)

Detalles MARC
000 -CABECERA
campo de control de longitud fija 00921nam a2200205 a 4500
001 - NÚMERO DE CONTROL
campo de control 000041025
005 - FECHA Y HORA DE LA ÚLTIMA TRANSACCIÓN
campo de control 20201002034547.0
008 - DATOS DE LONGITUD FIJA--INFORMACIÓN GENERAL
campo de control de longitud fija 130913s1993 sp 00 0 spa d
020 ## - NÚMERO INTERNACIONAL ESTÁNDAR DEL LIBRO
Número Internacional Estándar del Libro 8400073266
040 ## - FUENTE DE LA CATALOGACIÓN
Centro catalogador/agencia de origen DO-SdBNP
Lengua de catalogación spa
Centro/agencia transcriptor BNPHU
111 1# - ENTRADA PRINCIPAL--NOMBRE DE CONGRESO/REUNIÓN
Nombre de congreso/reunión o jurisdicción como elemento de entrada Congreso internacional de bronces antiguos
Número del congreso/reunión o número de parte o sección (11:
Fecha del congreso/reunión 1990 : mayo-junio
Sede del congreso/Lugar de la reunión Madrid)
9 (RLIN) 67495
245 #0 - MENCIÓN DE TÍTULO
Título Bronces y Religión Romana :
Resto del título Actas del XI congreso internacional de bronces antiguos /
Mención de responsabilidad, etc. coordinadores J. Arce, F. Burkhalter,.
260 ## - PUBLICACIÓN, DISTRIBUCIÓN, ETC.
Lugar de publicación, distribución, etc. Madrid :
Nombre del editor, distribuidor, etc. Consejo Superior de Investigaciones Científicas,
Fecha de publicación, distribución, etc. 1993.
300 ## - DESCRIPCIÓN FÍSICA
Extensión 477 p. : il.
490 1# - MENCIÓN DE SERIE
Mención de serie Monografias de la Escuela española de historia y arqueologia
Designación de volumen o secuencia 1
700 1# - PUNTO DE ACCESO ADICIONAL--NOMBRE DE PERSONA
Nombre de persona Arce, Javier,
Término indicativo de función/relación coor.
9 (RLIN) 64054
700 1# - PUNTO DE ACCESO ADICIONAL--NOMBRE DE PERSONA
Nombre de persona Burkhalter, F.,
Término indicativo de función/relación coor.
9 (RLIN) 67496
710 2# - PUNTO DE ACCESO ADICIONAL--NOMBRE DE ENTIDAD CORPORATIVA
Nombre de entidad corporativa o nombre de jurisdicción como elemento de entrada Consejo Superior de Investigaciones Científicas,(Español)
9 (RLIN) 67497
830 #0 - PUNTO DE ACCESO ADICIONAL DE SERIE-TÍTULO UNIFORME
Título uniforme Monografias de la Escuela española de historia y arqueologia
Número de parte o sección de la obra 1
9 (RLIN) 67498
Existencias
Estado de retiro Estado de pérdida Restricciones de uso No para préstamo Código de colección Localización permanente Ubicación/localización actual Ubicación en estantería Fecha de adquisición Número de inventario Total de préstamos Signatura topográfica completa Código de barras Fecha visto por última vez Precio válido a partir de Tipo de ítem Koha
      Excluido de préstamo Monografías: Libros y Folletos General General En catalogación 13.09.2013 LF1   41025-10 25.06.2020 25.06.2020 No se presta

Con tecnología Koha